NBA Best Defensive Teams per Year (1980 - 1999) - Statistics

General Stats
  • This quiz has been taken 46 times
  • The average score is 31 of 70
Answer Stats
Giannis Antetokounmpo % Correct
David Robinson
100%
Karl Malone
100%
Patrick Ewing
100%
Truck Robinson
100%
Tim Duncan
97%
John Stockton
95%
Michael Jordan
95%
Isiah Thomas
92%
Joe Dumars
92%
Bill Laimbeer
89%
Julius Erving
89%
Dominique Wilkins
86%
Dennis Rodman
84%
Dikembe Mutombo
84%
Gerald Wilkins
84%
Sidney Moncrief
81%
Avery Johnson
76%
Charles Oakley
76%
Eddie Johnson
76%
John Starks
76%
Marques Johnson
76%
Mark Eaton
73%
Bill Cartwright
62%
Hot Rod Williams
62%
James Edwards
62%
Jaren Jackson
62%
John Paxson
62%
Charles Smith
57%
Maurice Cheeks
57%
Steve Smith
57%
Bernard King
54%
Caldwell Jones
54%
Doc Rivers
46%
Andrew Toney
38%
Mookie Blaylock
32%
Tree Rollins
32%
Armond Hill
30%
Darryl Dawkins
30%
Kevin Willis
30%
Tyrone Hill
30%
Vinny Del Negro
30%
Marc Iavaroni
24%
Terrell Brandon
24%
Terry Cummings
24%
Orlando Woolridge
22%
Bob Lanier
19%
Dan Roundfield
19%
Paul Pressey
19%
Alton Lister
16%
Craig Hodges
16%
Dave Corzine
14%
John Drew
14%
Tiny Archibald
11%
Alan Henderson
8%
Darrell Griffith
8%
James Bailey
8%
Rory Sparrow
8%
Trent Tucker
8%
Brad Sellers
5%
Danny Ferry
5%
Greg Anthony
5%
Paul Westphal
5%
Steve Hawes
5%
Anthony Bonner
3%
Bobby Phills
3%
Chris Crawford
3%
Chris Mills
3%
Louis Orr
3%
Michael Cage
3%
Randy Wittman
3%
No matching quizzes found
Score Distribution
Percent of People with Each Score
Percentile by Number Answered
Your Score History
You have not taken this quiz